02350cam a22003854i 4500003000900000005001700009008004100026035002000067040003300087100004400120245016900164264001000333300002200343336002100365337002500386338002300411502005900434504002700493520126800520526001001788526001001798526000901808526000901817526000901826526000901835526000901844526000901853526000901862526000801871526000801879526000801887526000801895526000801903650005301911PE-LiUPU20250731165437.0160524s2016 pe grm 000 0 spa d a(Sirsi) a156811 aPE-LiUPUbspacPE-LiUPUerda1 aVallejos Shica, Víctor Josuéeautor1 aMotivación hacia la investigación que poseen los profesionales de enfermería en dos hospitales públicos de Lima Este, 2015 /cVictor Josué Vallejos Shica. 0c2016. a101 hojas c30 cm atext2rdacontent aunmediated2rdamedia avolume2rdacarrier aTesisb(Lic.) -- cUniversidad Peruana Unión,d2016. aIncluye bibliografía3 aEl objetivo del estudio fue determinar si existes diferencias significativas en la motivación hacia la investigación entre los profesionales de enfermería de los Hospitales Huaycan y José Agurto Tello, Lima 2015. El estudio fue de enfoque cuantitativo, de diseño no experimental de tipo descriptivo, comparativo y de corte transversal. El método de muestreo fue no probabilístico, por intención. La muestra estuvo conformada por 109 profesionales de enfermería de los hospitales Huaycan (47) y José Agurto Tello (62). El instrumento utilizado fue el cuestionario "Motivación hacia la investigación", el cual estuvo conformado por cinco dimensiones: organización de la vida personal, profesional y gestión del tiempo, conocimientos y preparación profesional de enfermería, recursos disponibles y apoyos, motivaciones. No se encontraron diferencias significativas entre ambos hospitales (p valor de ,166) respecto a motivación hacia la investigación. En tanto en la dimensión desarrollo profesional hubo diferencia significativa (p valor =0,027). No existen diferencias significativas en la motivación hacia la investigación de los profesionales de enfermería que trabajan en los hospitales Huaycan y José Agurto Tello. aSEG44 aSEG26 aP151 aP150 aP149 aP146 aP145 aP126 aP125 aP92 aP75 aP74 aP27 aP1504aEnfermerosxInvestigación científicavTesis.